[Event "Open"]
[Site "Pula CRO"]
[Date "2007.06.28"]
[Round "7"]
[White "Stojanovski,D"]
[Black "Zierke,O"]
[Result "1/2-1/2"]
[WhiteElo "2394"]
[BlackElo "2313"]

1.e4 c5 2.Nf3 Nc6 3.d4 cxd4 4.Nxd4 Nf6 5.Nc3 d6 6.Bg5 e6 7.Qd2 Be7 8.O-O-O Nxd4
9.Qxd4 O-O 10.f4 h6 11.Bh4 Qa5 12.Bc4 e5 13.fxe5 dxe5 14.Qd3 Bg4 15.Bxf6 Bxf6
16.Rdf1 Qc5 17.Rxf6 gxf6 18.Qg3 Qxc4 19.Qxg4+ Kh8 20.Qh5 Kg7 21.Qg4+ Kh8
22.Qh3 Kg7 23.Qg4+  1/2-1/2

[Event "White Nights"]
[Site "St Petersburg RUS"]
[Date "2007.06.28"]
[Round "4"]
[White "Bodnaruk,A"]
[Black "Kostyuchenko,V"]
[Result "1-0"]
[WhiteElo "2270"]
[BlackElo "2152"]

1.e4 c5 2.Ne2 Nc6 3.d4 cxd4 4.Nxd4 Nf6 5.Nc3 d6 6.Bg5 e6 7.Qd2 Be7 8.O-O-O a6
9.Bxf6 gxf6 10.f4 Nxd4 11.Qxd4 b5 12.Be2 Rb8 13.Bf3 Qb6 14.Qd2 a5 15.Ne2 O-O
16.g4 a4 17.f5 a3 18.b3 Qc5 19.Rhg1 Qe5 20.Nd4 Bb7 21.h4 Rfd8 22.Rde1 Rbc8
23.g5 Kf8 24.g6 hxg6 25.fxg6 fxg6 26.Rxg6 Ke8 27.Bg4 Bxe4 28.Rg8+ Kd7 29.Bxe6+ Kc7
30.Qa5+ Kb8 31.Qb6+ Ka8 32.Bxc8 Qf4+ 33.Kb1 Rxg8 34.Nxb5 Bxc2+ 35.Ka1  1-0

[Event "Asian Youth GU18"]
[Site "Tashkent UZB"]
[Date "2007.07.01"]
[Round "4"]
[White "Lakshmi,Sah"]
[Black "Kiran,M"]
[Result "1/2-1/2"]
[WhiteElo "2134"]
[BlackElo "2204"]

1.e4 c5 2.Nf3 Nc6 3.d4 cxd4 4.Nxd4 Nf6 5.Nc3 d6 6.Bg5 e6 7.Qd2 a6 8.O-O-O Bd7
9.f3 Be7 10.h4 h5 11.f4 b5 12.Qe1 b4 13.Nb1 Qb6 14.Nxc6 Bxc6 15.Nd2 Bb5 16.e5 dxe5
17.fxe5 Ng4 18.Bxe7 Kxe7 19.Qe4 Rac8 20.Re1 a5 21.Bxb5 Qxb5 22.Rhf1 Qc6 23.Qh7 Nh6
24.Qd3 Rcd8 25.Qe2  1/2-1/2

[Event "Asian Youth GU18"]
[Site "Tashkent UZB"]
[Date "2007.07.04"]
[Round "6"]
[White "Preethi,R"]
[Black "Danilyuk,O"]
[Result "1/2-1/2"]
[WhiteElo "2115"]
[BlackElo "2075"]

1.e4 c5 2.Nf3 Nc6 3.d4 cxd4 4.Nxd4 Nf6 5.Nc3 d6 6.Bg5 Bd7 7.Qd2 Rc8 8.O-O-O Nxd4
9.Qxd4 Qa5 10.f4 h6 11.Bh4 g5 12.Be1 gxf4 13.Nd5 Qxa2 14.Nxf6+ exf6 15.Qxf6 Rg8
16.Bc3 Rg6 17.Qh8 Ke7 18.Qd4 h5 19.e5 Bg7 20.exd6+ Kd8 21.Qb4 Bxc3 22.bxc3 Bf5
23.Qb2 Qxb2+ 24.Kxb2 Rc6 25.Rd4 Rgxd6 26.Rxf4 Bg6 27.Be2 Kc7 28.Bf3 Rb6+
29.Kc1 Ra6 30.Rc4+ Kb8 31.Kb2 Rd2 32.Rc1 Rb6+ 33.Rb4 Kc7 34.Rxb6 Kxb6 35.c4 Kc7
36.Kc3 Rf2 37.c5 h4 38.h3 Bf5 39.Bd5 Be6 40.Be4 f5 41.Bf3 f4 42.Be4 Bd7 43.Re1 Bc6
44.Kd4 Rd2+ 45.Kc3 Rf2  1/2-1/2

[Event "Asian Youth BU18"]
[Site "Tashkent UZB"]
[Date "2007.07.05"]
[Round "7"]
[White "Djuraev,S"]
[Black "Sai,Sr"]
[Result "1-0"]
[WhiteElo "2297"]
[BlackElo "2321"]

1.e4 c5 2.Nf3 d6 3.d4 cxd4 4.Nxd4 Nf6 5.Nc3 Nc6 6.Bg5 e6 7.Qd2 a6 8.O-O-O Nxd4
9.Qxd4 Be7 10.f4 O-O 11.Bxf6 gxf6 12.Be2 Qa5 13.Rhf1 Qc5 14.Qd3 b5 15.Rf3 Kh8
16.Rh3 b4 17.e5 f5 18.Ne4 Qd5 19.Rxh7+ Kxh7 20.Qh3+ Kg7 21.Qg3+ Kh6 22.Nf6  1-0

[Event "Summer GM"]
[Site "Lugansk UKR"]
[Date "2007.07.06"]
[Round "8"]
[White "Bryzgalin,K"]
[Black "Kostromin,M"]
[Result "1-0"]
[WhiteElo "2482"]
[BlackElo "2409"]

1.e4 c5 2.Nf3 Nc6 3.d4 cxd4 4.Nxd4 Nf6 5.Nc3 d6 6.Bg5 e6 7.Qd2 Be7 8.O-O-O a6
9.f3 O-O 10.h4 Bd7 11.g4 Nxd4 12.Qxd4 Bc6 13.Bd3 b5 14.Qf2 Qc7 15.Be3 b4
16.Ne2 Bb5 17.Kb1 Bxd3 18.cxd3 Nd7 19.g5 a5 20.h5 Nc5 21.d4 Nd7 22.g6 fxg6
23.hxg6 h6 24.Nf4 Rf6 25.d5 e5 26.Ne6 Qb7 27.Qh2 Rxg6 28.Rdg1 Rxg1+ 29.Rxg1 Bf6
30.Nxg7 Bxg7 31.Bxh6 Nf8 32.Rxg7+ Qxg7 33.Bxg7 Kxg7 34.f4 Ng6 35.f5 Nf4 36.Qh4  1-0

[Event "Asian Youth GU18"]
[Site "Tashkent UZB"]
[Date "2007.07.06"]
[Round "8"]
[White "Rysbayeva,A"]
[Black "Kiran,M"]
[Result "1/2-1/2"]
[WhiteElo "2170"]
[BlackElo "2204"]

1.e4 c5 2.Nf3 Nc6 3.d4 cxd4 4.Nxd4 Nf6 5.Nc3 d6 6.Bg5 e6 7.Be2 Be7 8.O-O O-O
9.Qd3 a6 10.Rad1 Bd7 11.Qg3 Qc7 12.Qh4 Bd8 13.Nxc6 Bxc6 14.Rd3 Ne8 15.Rh3 h6
16.Bxd8 Qxd8 17.Qf4 Qg5 18.Qxg5 hxg5 19.Rd1 g6 20.Rg3 b5 21.a3 Nf6 22.Rxd6 Bxe4
23.Rxg5 Bxc2 24.Bf3 Rfd8 25.Rxd8+ Rxd8 26.Rc5 Ne4 27.Rc6 Nxc3 28.Rxc3 Bd3
29.b4 Be4 30.Kf1  1/2-1/2

[Event "IM"]
[Site "Antwerp BEL"]
[Date "2007.07.07"]
[Round "8"]
[White "Muhren,B"]
[Black "Miroshnichenko,E"]
[Result "0-1"]
[WhiteElo "2311"]
[BlackElo "2646"]

1.e4 c5 2.Nf3 d6 3.d4 cxd4 4.Nxd4 Nf6 5.Nc3 Nc6 6.Bg5 Bd7 7.Qd2 Rc8 8.O-O-O Nxd4
9.Qxd4 Qa5 10.Bxf6 gxf6 11.f4 Bg7 12.Kb1 Qc5 13.f5 Bh6 14.g3 Qxd4 15.Rxd4 Be3
16.Rd3 Bc5 17.Nd5 a6 18.c4 Bc6 19.Bg2 h5 20.Re1 a5 21.Bf3 Kd7 22.a3 b5 23.cxb5 Bxb5
24.Rd2 Rb8 25.Bd1 Bc6 26.Ka2 h4 27.g4 Rb7 28.Rd3 Bf2 29.Rh1 Rhb8 30.b3 Rc8
31.Rd2 Ba7 32.Be2 Bxd5 33.exd5 Be3 34.Ba6 Bxd2 35.Bxb7 Rc2+ 36.Kb1 Rc3 37.Bc6+ Kd8
38.h3 Bf4 39.Ka2 Rc2+ 40.Kb1 Rd2 41.b4 axb4 42.axb4 Be5 43.b5 Kc7 44.Kc1 Ra2
45.Rd1 Ra3 46.Rh1 Ra1+  0-1

[Event "ch-SVK"]
[Site "Banska Stiavnica SVK"]
[Date "2007.07.07"]
[Round "1"]
[White "Hagarova,Z"]
[Black "Pinter,E"]
[Result "1-0"]
[WhiteElo "2389"]
[BlackElo "2402"]

1.e4 c5 2.Nf3 d6 3.d4 cxd4 4.Nxd4 Nf6 5.Nc3 Nc6 6.Bg5 Bd7 7.Qd2 Rc8 8.f4 Nxd4
9.Qxd4 Qa5 10.Bxf6 gxf6 11.Be2 Qc5 12.O-O-O Bg7 13.f5 Bh6+ 14.Kb1 Bf4 15.Qxc5 Rxc5
16.Nd5 Be5 17.Bh5 Rg8 18.Bf3 b5 19.Rd3 a5 20.a3 e6 21.Ne3 Ke7 22.Rhd1 Bc6
23.h3 h5 24.g4 h4 25.Nf1 b4 26.axb4 axb4 27.Ne3 Ra8 28.Rb3 Bf4 29.Rd4 Ba4
30.Rbxb4 Bxe3 31.Rxa4 Bxd4 32.Rxa8 Rb5 33.b3 Bc3 34.Kc1 Re5 35.Rc8 Rc5 36.Ra8 Ra5
37.Rxa5 Bxa5 38.Kb2 Bb4 39.c3 Bc5 40.b4 Bf2 41.Bd1 Be1 42.Bb3 Kd7 43.Kc2 Ke7
44.Kd3 Kd7 45.Kc4 Bd2 46.Ba4+ Kd8 47.Bc6 Be1 48.Kb3 Bd2 49.c4 Kc7 50.Be8 e5
51.c5 dxc5 52.bxc5 Kd8 53.Bxf7 Bc1 54.Kc4 Bd2 55.Kd5 Ke7 56.Be6 Be3 57.Bc8 Bd2
58.Ba6 Be3 59.c6 Bb6 60.g5 fxg5 61.Kxe5 Bc7+ 62.Kd5 Kf6 63.Be2 Be5 64.Bf3 Bc7
65.Bg4 Be5 66.Kc5  1-0

[Event "SCCF State Championship"]
[Site "Los Angeles USA"]
[Date "2007.07.07"]
[Round "2"]
[White "Peters,Joh"]
[Black "Del Pilar,R"]
[Result "1-0"]
[WhiteElo "2423"]
[BlackElo "2252"]

1.e4 c5 2.Nf3 d6 3.d4 cxd4 4.Nxd4 Nf6 5.Nc3 Nc6 6.Bg5 e6 7.Qd2 a6 8.O-O-O h6
9.Be3 Be7 10.Be2 Nxd4 11.Bxd4 b5 12.Bf3 e5 13.Be3 Be6 14.h4 Qa5 15.a3 b4
16.Nd5 Bxd5 17.exd5 Rb8 18.Qd3 e4 19.Bxe4 bxa3 20.b3 O-O 21.Bd4 Rfc8 22.Rhe1 Rc7
23.Bf3 Nxd5 24.Bxd5 Qxd5 25.Qg3 g6 26.Rxe7 Rxe7 27.Bf6 Qe4 28.Bxe7 Rc8 29.Qd3 Qxe7
30.Qxa6 Qc7 31.Rd2 Qc5 32.Qxd6 Qc3 33.Qxa3 Re8 34.Qa6 Re6 35.Qa8+ Kh7 36.Kd1  1-0

[Event "Open A"]
[Site "Oberwart AUT"]
[Date "2007.07.08"]
[Round "2"]
[White "Schachinger,M"]
[Black "Ghaem Maghami,E"]
[Result "1/2-1/2"]
[WhiteElo "2284"]
[BlackElo "2610"]

1.e4 c5 2.Nf3 d6 3.d4 cxd4 4.Nxd4 Nf6 5.Nc3 Nc6 6.Bg5 a6 7.Qd2 Bd7 8.O-O-O e6
9.f3 Rc8 10.Nxc6 Bxc6 11.Bd3 Be7 12.h4 h6 13.Be3 d5 14.Qf2 Qc7 15.Bb6 Qf4+
16.Be3 Qc7 17.Bb6 Qf4+ 18.Be3 Bc5 19.Bxf4 Bxf2 20.Be5 dxe4 21.Nxe4 Bxe4 22.Bxe4 Nxe4
23.fxe4 O-O 24.Bd4 Bxd4 25.Rxd4 f5 26.exf5  1/2-1/2

[Event "Open A"]
[Site "Oberwart AUT"]
[Date "2007.07.09"]
[Round "3"]
[White "Ernst,T"]
[Black "Shengelia,D"]
[Result "1/2-1/2"]
[WhiteElo "2434"]
[BlackElo "2572"]

1.e4 c5 2.Nf3 d6 3.d4 cxd4 4.Nxd4 Nf6 5.Nc3 Nc6 6.Bg5 e6 7.Qd2 Be7 8.O-O-O Nxd4
9.Qxd4 O-O 10.f4 a6 11.Bc4 b5 12.Bb3 Rb8 13.Bxf6 gxf6 14.f5 Kh8 15.Qd3 b4
16.Ne2 e5 17.Rhf1 a5 18.Rf3 Qe8 19.Rh3 Rg8 20.Ng3 a4 21.Bc4 Bb7 22.Qe2 Rg5
23.Rh5 Rg7 24.Rh6 Qg8 25.Kb1 Rc8 26.Rd2 Rg5 27.b3 a3 28.Rh5 Rg7 29.Rh6 Rg5
30.Rh5 Rg7 31.Rh6 Rg4 32.Rh5 Qg7 33.Rd1 Rf4 34.Rh3 Qg4 35.Qxg4 Rxg4 36.Bxf7 Bxe4
37.Nxe4 Rxe4 38.Bg6 Rc7 39.Rxh7+ Kg8 40.Kc1 Re2 41.Rd2 Re1+ 42.Rd1  1/2-1/2

[Event "Ikaros Festival"]
[Site "Agios Kirykos GRE"]
[Date "2007.07.10"]
[Round "4"]
[White "Lazaridis,S"]
[Black "Melnikova,Y"]
[Result "0-1"]
[WhiteElo "2187"]
[BlackElo "2310"]

1.e4 c5 2.Nf3 Nc6 3.d4 cxd4 4.Nxd4 Nf6 5.Nc3 d6 6.Bg5 Qb6 7.Bxf6 gxf6 8.Nb3 e6
9.Be2 Bd7 10.Bh5 Ne5 11.Qd4 Qxd4 12.Nxd4 Rg8 13.g3 Nc6 14.Ndb5 Rg5 15.Be2 O-O-O
16.f4 Rg8 17.O-O-O Be8 18.Kb1 a6 19.Nd4 Nxd4 20.Rxd4 Bc6 21.Bh5 Rd7 22.Rf1 Bg7
23.f5 Rgd8 24.fxe6 fxe6 25.Rd3 d5 26.exd5 Bxd5 27.Nxd5 Rxd5 28.Rfd1 Rxd3
29.Rxd3 Rf8 30.Rd6 e5 31.Bf3 Kc7 32.Rd1 b6 33.Be2 a5 34.Bb5 Rf7 35.g4 Bh6
36.c3 e4 37.Rf1 Bg5 38.b4 axb4 39.cxb4 Kd6 40.Rd1+ Ke5 41.Rd7 Rxd7 42.Bxd7 Kf4
43.Kc2 e3 44.Bc6 Kxg4 45.Bg2  0-1

[Event "XIII Jorge Alvarez Mem"]
[Site "El Ejido ESP"]
[Date "2007.07.10"]
[Round "2"]
[White "Sanchez Jerez,E"]
[Black "Baklan,V"]
[Result "0-1"]
[WhiteElo "2145"]
[BlackElo "2648"]

1.e4 c5 2.Nf3 d6 3.d4 cxd4 4.Nxd4 Nf6 5.Nc3 Nc6 6.Bg5 e6 7.Qd2 a6 8.O-O-O Bd7
9.f4 h6 10.Bh4 g5 11.fxg5 Ng4 12.Nxc6 Bxc6 13.g3 hxg5 14.Bxg5 Qxg5 15.Qxg5 Bh6
16.Qxh6 Rxh6 17.Rxd6 Nf2 18.Rg1 Rxh2 19.Rd2 Ke7 20.Re2 Rah8 21.Rg2 Ng4 22.Rxh2 Nxh2
23.Bg2 Ng4 24.Nd5+ Kd6 25.Nb4 Bb5 26.Rd2+ Kc5 27.Nd3+ Bxd3 28.Rxd3 Ne5 29.Re3 b5
30.c3 a5 31.b3 b4 32.Kc2 Kd6 33.Re2 Rc8 34.Re3 f6 35.Kb2 Rh8 36.cxb4 axb4
37.Re2 Kc5 38.a4 bxa3+ 39.Kxa3 Kd4 40.Ka4 Ra8+ 41.Kb4 Rb8+ 42.Ka4 Nd3 43.e5 Nc5+
44.Ka3 Rxb3+ 45.Ka2 fxe5 46.Rd2+ Rd3 47.Rxd3+ Nxd3 48.Kb1  0-1

[Event "Middlesex vs Young England"]
[Site "London ENG"]
[Date "2007.07.10"]
[Round "2"]
[White "Kilpatrick,C"]
[Black "Lalic,B"]
[Result "0-1"]
[WhiteElo "2120"]
[BlackElo "2509"]

1.e4 c5 2.Nf3 d6 3.d4 cxd4 4.Nxd4 Nf6 5.Nc3 Nc6 6.Bg5 e6 7.Qd2 a6 8.f4 h6
9.Bxf6 Qxf6 10.Nf3 g5 11.fxg5 hxg5 12.Qxg5 Qxg5 13.Nxg5 Ke7 14.Nf3 b5 15.O-O-O Bb7
16.Bd3 Bg7 17.Ne2 Ne5 18.Nxe5 Bxe5 19.h3 Rag8 20.g4 d5 21.exd5 Bxd5 22.Rhf1 Bg2
23.Rg1 Bxh3 24.g5 Rh5 25.g6 f5 26.a4 bxa4 27.Bxa6 Bg4 28.Bb5 Rxg6 29.Rd7+ Kf6
30.Nd4 Rgh6 31.Bxa4 Rh1 32.Rxh1 Rxh1+ 33.Kd2 Rd1+ 34.Kc3 f4 35.Kc4 f3 36.Nxf3 Bxf3
37.Rxd1 Bxd1 38.b4 Ke7 39.Kd3 Bd6 40.Kd2 Bg4 41.c3 Bf4+ 42.Kd3 Bf5+ 43.Kd4 Kd6
44.c4 Be5+ 45.Ke3 Bc3 46.c5+ Ke5 47.c6 Kd6 48.b5 e5 49.Kf3 Ba5 50.Kg3 Kc5  0-1

[Event "12th European Maccabi Games"]
[Site "Rome ITA"]
[Date "2007.07.10"]
[Round "6"]
[White "Litwak,A"]
[Black "Degtiarev,E"]
[Result "1/2-1/2"]
[WhiteElo "2301"]
[BlackElo "2385"]

1.e4 c5 2.Nf3 d6 3.d4 cxd4 4.Nxd4 Nf6 5.Nc3 Nc6 6.Bg5 e6 7.Qd2 a6 8.O-O-O Bd7
9.f4 h6 10.Bxf6 Qxf6 11.Nxc6 Bxc6 12.Bd3 O-O-O 13.Qe3 Qe7 14.Kb1 Qc7 15.Rhf1 Be7
16.g4 Rhe8 17.Ne2 Kb8 18.Nd4 Bd7 19.c3 e5 20.fxe5 dxe5 21.Nf5 Bf8 22.Bc2 Bb5
23.Rfe1 Rxd1+ 24.Rxd1 Rd8 25.Rd5 Bc4 26.Rd2 Rxd2 27.Qxd2 Qb6 28.Ne3 Be6 29.Bb3 Bc5
30.Nd5 Qd8 31.Qe2 Qh4 32.Bd1 Bg1 33.a4 Qxh2 34.Qc4 Ka7 35.Bb3 Qf2 36.a5 Qc5
37.Qf1 Bh2 38.Qe2 Bg3 39.Bc4 Bh4 40.Nb6 Qg1+ 41.Ka2 Bxg4 42.Qd3 Qc5 43.b4 Qc7
44.Qe3 Kb8 45.Kb2 Bg5 46.Qf2 Qe7 47.Qg3 h5 48.Nd5 Qd6 49.Be2 Bf4 50.Qg2 Qe6
51.Bc4 Qc6 52.Be2 f5 53.Bf3 Bxf3 54.Qxf3 Qh6 55.Nb6 h4 56.Qh3 Bc1+ 57.Kb3 Qe6+
58.Kc2 Bg5 59.exf5 Qa2+ 60.Kd3 Qd2+ 61.Kc4 Qa2+ 62.Kd3 Qd2+ 63.Kc4 Qf4+ 64.Kb3 Bf6
65.Qd3 e4 66.Qd7 Qc7 67.Qe8+ Qd8 68.Qxe4 Qg8+ 69.Kb2 Qf7 70.Nd5 Ka8 71.Qc4 Kb8
72.Qf4+ Ka7 73.Qf2+ Kb8 74.Qf4+ Ka7 75.Qf2+ Kb8 76.Qf4+  1/2-1/2

[Event "ch-Montenegro"]
[Site "Cetinje MNE"]
[Date "2007.07.11"]
[Round "1"]
[White "Ivanovic,B"]
[Black "Djukic,Ni"]
[Result "1/2-1/2"]
[WhiteElo "2426"]
[BlackElo "2531"]

1.e4 c5 2.Nf3 Nc6 3.d4 cxd4 4.Nxd4 Nf6 5.Nc3 d6 6.Bg5 e6 7.Qd2 a6 8.O-O-O Bd7
9.f3 h6 10.Be3 b5 11.Nxc6 Bxc6 12.Ne2 Qc7 13.Nd4 Bb7 14.Bd3 e5 15.Nf5 d5
16.exd5 Nxd5 17.Be4 O-O-O 18.Qf2 g6 19.Bxd5 Rxd5 20.Bb6 Qd7 21.Ne3 Rd6 22.Bc5 Rxd1+
23.Rxd1 Qc6 24.Bxf8 Rxf8 25.Nd5 Kb8 26.Qe3 Qe6 27.Nb6 Re8 28.Nd7+ Ka8 29.Nb6+ Kb8
30.Nd7+ Ka8 31.b3 e4 32.Nb6+ Kb8 33.Qf4+ Ka7 34.Rd6 Qe5 35.Qxe5 Rxe5 36.Nd7 Rf5
37.fxe4 Bxe4 38.g3 b4 39.Rf6 Kb7 40.Rxf5 Bxf5 41.Ne5 Be6 42.c3 bxc3 43.Kc2 f6
44.Nf3 Kb6 45.Kxc3 Kc5 46.a3 g5 47.Nd2 f5 48.Kd3 Kd5 49.Ke3 Kc5 50.Kd3 Bd7
51.Ke3 Bc6 52.Nc4 Be4 53.h4 Bc2 54.hxg5 hxg5 55.Nd2 Bd1 56.Kd3 Bh5 57.Nc4 Bf3
58.b4+ Kd5 59.Ne3+ Ke5 60.Nc4+ Ke6 61.Kd4 Bd1 62.Nb2 Bh5 63.a4 Be8 64.Nd3 Kd6
65.Nc5 Bc6 66.Nxa6 Bxa4 67.Nc5 Bc6 68.Nd3 Bb5 69.Nf2  1/2-1/2

[Event "Lake Sevan"]
[Site "Martuni ARM"]
[Date "2007.07.11"]
[Round "6"]
[White "Li Chao"]
[Black "Kotanjian,T"]
[Result "1-0"]
[WhiteElo "2320"]
[BlackElo "2560"]

1.e4 c5 2.Nf3 d6 3.d4 cxd4 4.Nxd4 Nf6 5.Nc3 Nc6 6.Bg5 Bd7 7.Qd2 Rc8 8.Nb3 h6
9.Bxf6 gxf6 10.O-O-O h5 11.Kb1 a6 12.f4 h4 13.Be2 e6 14.Rhf1 b5 15.e5 dxe5
16.Ne4 Be7 17.Nbc5 Nd4 18.fxe5 fxe5 19.c3 Rxc5 20.Nxc5 Bxc5 21.cxd4 Bxd4
22.Rc1 f5 23.Bf3 Kf7 24.Rc2 Kf6 25.Rfc1 Qb6 26.Bc6 Bc8 27.Qe2 b4 28.Be8 Bb7
29.Bc6 Bxc6 30.Rxc6 Qb5 31.Qc2 b3 32.axb3 Rg8 33.Qd2 f4 34.Qe1 Qd3+ 35.Ka2 Rh8
36.Rc8 Rh7 37.Rf8+ Kg5 38.Rg8+ Kh5 39.g4+ fxg3 40.hxg3 Rb7 41.g4+  1-0

[Event "Open A"]
[Site "Oberwart AUT"]
[Date "2007.07.11"]
[Round "5"]
[White "Ragger,M"]
[Black "Ernst,T"]
[Result "1/2-1/2"]
[WhiteElo "2529"]
[BlackElo "2434"]

1.e4 c5 2.Nf3 d6 3.d4 cxd4 4.Nxd4 Nf6 5.Nc3 Nc6 6.Bg5 e6 7.Qd2 a6 8.O-O-O h6
9.Nxc6 bxc6 10.Bf4 d5 11.Qe3 Be7 12.Be2 O-O 13.h4 Re8 14.Qg3 Kh8 15.Bc7 Qd7
16.Be5 Bf8 17.Qf4 Qe7 18.g4 Nd7 19.Qxh6+ Kg8 20.Qh5 Nxe5 21.Qxe5 Qd6 22.Qxd6 Bxd6
23.Bd3 d4 24.Na4 Rb8 25.Bc4 c5 26.b3 g6 27.Nb2 Kg7 28.h5 Bb7 29.f3 Rh8 30.hxg6 Kxg6
31.Nd3 a5 32.a4 Kg5 33.Kd2 Kg6 34.Ke2 e5 35.Nf2 Rbf8 36.Kf1 Rxh1+ 37.Nxh1 Be7
38.Ng3 Bc8 39.Kg2 Rh8 40.Rh1 Rxh1 41.Kxh1 f6 42.Kg2 Kg5 43.Kf2 Bf8 44.Ne2 Bd6
45.Nc1 Bc7 46.Nd3 Bd6 47.Ne1 Bc7 48.Ng2 Bd6 49.Kg3 Bc7 50.Nh4 Bd6 51.Bf7 Bd7
52.Bg8 Kh6 53.Kf2 Kg5 54.Ng2 Bc8 55.Ne1 Ba6 56.Be6 Bc7 57.Kg3 Bd6 58.Ng2 Bc7
59.Nh4 Bd6 60.Nf5 Bf8 61.Kf2 Bb7 62.Ng3 Bd6 63.Nh5 Bc6 64.Ke2 Bf8 65.Bc8 c4
66.Be6 c3 67.Bc4 Be8 68.Ng3 Bd7 69.Nf5 Bxf5 70.exf5 Kf4  1/2-1/2

[Event "XXII Tadeusz Gniota Mem"]
[Site "Police POL"]
[Date "2007.07.11"]
[Round "1"]
[White "Jacek,K"]
[Black "Maniocha,A"]
[Result "1/2-1/2"]
[WhiteElo "1940"]
[BlackElo "2285"]

1.e4 c5 2.Nf3 Nc6 3.d4 cxd4 4.Nxd4 Nf6 5.Nc3 d6 6.Bg5 e6 7.Qd2 a6 8.O-O-O Bd7
9.f4 b5 10.Nxc6 Bxc6 11.Qd4 Be7 12.e5 dxe5 13.Qxe5 Qb8 14.Bxf6 Bxf6 15.Qxb8+ Rxb8
16.Rg1 Ke7 17.g3 b4 18.Nb1 Bd5 19.b3 Bf3 20.Rd2 a5 21.Bg2 Bxg2 22.Rgxg2 g5
23.Rd3 gxf4 24.gxf4 Rhg8 25.Rdg3 Rg6 26.Nd2 Bd4 27.Nc4 Rb5 28.Rd2 Bc3 29.Rdd3 Rf5
30.a4 Rh6 31.h3 Rhf6 32.Nd6 Rd5 33.Ne4 Rxd3 34.Rxd3 Rxf4 35.Nxc3 bxc3 36.Rxc3 Kd6
37.Kd2 e5 38.Rd3+ Ke6 39.c4 f5 40.Rd5 Rf3 41.Rxa5 Rxb3 42.Ra6+ Kd7 43.Ra5 Kd6
44.Rd5+ Ke6 45.Rd3 Rb4 46.c5 e4 47.Rc3 Rb2+ 48.Kc1 Rb7 49.a5 Rc7 50.a6 Kd7
51.Kd2 Ra7 52.Ke3 Rxa6 53.Kf4 Ra4 54.Ke5 Rb4 55.Re3  1/2-1/2

[Event "Ikaros Festival"]
[Site "Agios Kirykos GRE"]
[Date "2007.07.12"]
[Round "6"]
[White "Gazis,Ef"]
[Black "Georgiou,K"]
[Result "0-1"]
[WhiteElo "2307"]
[BlackElo "2212"]

1.e4 c5 2.Nf3 d6 3.d4 cxd4 4.Nxd4 Nf6 5.Nc3 Nc6 6.Bg5 e6 7.Qd2 a6 8.f3 h6
9.Be3 Be7 10.O-O-O Nxd4 11.Qxd4 e5 12.Qb6 Qxb6 13.Bxb6 Be6 14.Nd5 Nxd5 15.exd5 Bd7
16.Kb1 O-O 17.c4 Bd8 18.Be3 Bg5 19.Bb6 Bd8 20.Bf2 Rc8 21.b3 f5 22.g3 f4 23.Be2 fxg3
24.Bxg3 Bf5+ 25.Kb2 Bh3 26.Rd3 b5 27.cxb5 axb5 28.Rc3 Bb6 29.Rc6 Bd4+ 30.Ka3 Bd7
31.Rhc1 Ra8+ 32.Kb4 Bxc6 33.dxc6 Bc5+ 34.Rxc5 dxc5+ 35.Kxb5 Rfb8+ 36.Kxc5 Rxa2
37.Bc4+ Kf8 38.Bxe5 Ra5+ 39.Kd6 Ke8 40.c7 Rb6+  0-1

[Event "Middlesex vs Young England"]
[Site "London ENG"]
[Date "2007.07.12"]
[Round "4"]
[White "Hanley,Ja"]
[Black "Eames,R"]
[Result "0-1"]
[WhiteElo "2213"]
[BlackElo "2290"]

1.e4 c5 2.Nf3 d6 3.d4 cxd4 4.Nxd4 Nf6 5.Nc3 Nc6 6.Bg5 e6 7.Qd2 a6 8.O-O-O Bd7
9.f4 b5 10.Nxc6 Bxc6 11.Qe3 h6 12.Bxf6 Qxf6 13.Qb6 Bd7 14.Kb1 Qd8 15.Qd4 Qc7
16.e5 d5 17.f5 Bc5 18.Qh4 O-O 19.f6 Qxe5 20.fxg7 Kxg7 21.Rd3 Be3 22.Qe1 Bf4
23.Qf2 f5 24.g3 Bg5 25.Bg2 Bc6 26.Re1 Qd6 27.Qe2 Rae8 28.g4 b4 29.Nd1 Bb5
30.Nf2 fxg4 31.Nxg4 Bxd3 32.Qxd3 Qf4 33.Ne5 Rf5 34.Nf3 Qc4 35.Qd1 Qg4 36.Rg1 Kh8
37.Bh1 Qf4 38.Nd4 Rf6 39.Nf3 Rg8 40.b3 Rff8 41.Rxg5 hxg5 42.Qe1 e5 43.Kb2 e4
44.Nd4 a5 45.a4 Qe5 46.Qe3 Rf4 47.Ka2 Kg7 48.Bg2 Rc8 49.Qh3 g4 50.Qh4 e3
51.Bxd5 Rxd4  0-1

[Event "ch-SVK"]
[Site "Banska Stiavnica SVK"]
[Date "2007.07.14"]
[Round "8"]
[White "Meszaros,Mi"]
[Black "Rigo,Z"]
[Result "1/2-1/2"]
[WhiteElo "2359"]
[BlackElo "2410"]

1.e4 c5 2.Nf3 d6 3.d4 cxd4 4.Nxd4 Nf6 5.Nc3 Nc6 6.Bg5 e6 7.Qd2 a6 8.O-O-O Be7
9.f4 Bd7 10.Kb1 b5 11.Bxf6 Bxf6 12.Nxc6 Bxc6 13.Bd3  1/2-1/2

[Event "ChIP"]
[Site "Paris FRA"]
[Date "2007.07.14"]
[Round "8"]
[White "Dourerassou,J"]
[Black "Bernard,Ch"]
[Result "1/2-1/2"]
[WhiteElo "2346"]
[BlackElo "2354"]

1.e4 c5 2.Nf3 d6 3.d4 cxd4 4.Nxd4 Nf6 5.Nc3 Nc6 6.Bg5 e6 7.Qd2 Be7 8.O-O-O O-O
9.f4 d5 10.e5 Nd7 11.h4 Nc5 12.Kb1 Bd7 13.Qe3 Nxd4 14.Qxd4 Rc8 15.Bxe7 Qxe7
16.f5 exf5 17.Nxd5 Qe6 18.Bc4 Kh8 19.Nf6 Qb6 20.Nxd7 Nxd7 21.Qxb6 Nxb6 22.Bb3 Rc5
23.Rhe1 g6 24.h5 gxh5 25.c3 Re8 26.Bxf7 Rexe5 27.Bxh5 Kg7 28.Bf3 Rxe1 29.Rxe1 Rc7
30.b3 Nc8 31.c4 b6 32.Kb2 Kf6 33.Rd1 Ne7 34.Kc3 Ng6 35.b4 Ne5 36.Bd5 Nxc4
37.Bxc4 b5 38.Rd4 bxc4 39.b5 h5 40.a4 Ke5 41.Rh4 Rg7 42.Rxh5 Rxg2 43.Kxc4 Rg4+
44.Kb3 Rg7 45.a5  1/2-1/2

[Event "Czech Open GMA"]
[Site "Pardubice CZE"]
[Date "2007.07.21"]
[Round "2"]
[White "Tate,A"]
[Black "Ivanov,Al3"]
[Result "1-0"]
[WhiteElo "2053"]
[BlackElo "2421"]

1.e4 c5 2.Nf3 Nc6 3.d4 cxd4 4.Nxd4 Nf6 5.Nc3 d6 6.Bg5 e6 7.Qd2 a6 8.O-O-O Nxd4
9.Qxd4 Be7 10.f3 Qc7 11.h4 b5 12.Kb1 Bb7 13.Qd2 Rc8 14.Bd3 h6 15.Be3 Nd7
16.Qf2 Ne5 17.g4 b4 18.Na4 Bc6 19.Nb6 Rb8 20.Bd4 Bb5 21.b3 Bf6 22.Bxb5+ axb5
23.g5 Bd8 24.f4 Nc6 25.Bxg7 Rh7 26.Nd5 exd5 27.gxh6 dxe4 28.Qg2 Qe7 29.Rhe1 Kd7
30.Qg4+  1-0

[Event "Czech Open GMA"]
[Site "Pardubice CZE"]
[Date "2007.07.21"]
[Round "2"]
[White "Aliavdin,N"]
[Black "Vorobiov,E"]
[Result "1-0"]
[WhiteElo "2403"]
[BlackElo "2572"]

1.e4 c5 2.Nf3 d6 3.d4 cxd4 4.Nxd4 Nf6 5.Nc3 Nc6 6.Bg5 e6 7.Qd2 a6 8.O-O-O Be7
9.Nb3 b5 10.Bxf6 gxf6 11.f4 Qb6 12.Kb1 Bb7 13.f5 O-O-O 14.g3 Kb8 15.fxe6 fxe6
16.Bh3 Bc8 17.Ne2 d5 18.exd5 Rxd5 19.Qf4+ e5 20.Qh6 Rxd1+ 21.Rxd1 Qf2 22.Nec1 Qxh2
23.Qg7 Rd8 24.Rxd8 Bxd8 25.Bxc8 Kxc8 26.Nc5 Be7 27.Qg4+ Kc7 28.Qd7+ Kb6 29.Ne6  1-0

[Event "Quebec Open"]
[Site "Montreal CAN"]
[Date "2007.07.22"]
[Round "3"]
[White "Yoos,J"]
[Black "Saint Amand,P"]
[Result "1-0"]
[WhiteElo "2369"]
[BlackElo "2155"]

1.e4 c5 2.Nf3 d6 3.d4 cxd4 4.Nxd4 Nf6 5.Nc3 Nc6 6.Bg5 e6 7.Qd2 a6 8.O-O-O Bd7
9.f4 b5 10.Bxf6 gxf6 11.Kb1 b4 12.Nce2 Qb6 13.Qe1 Rc8 14.Nxc6 Qxc6 15.Nd4 Qb6
16.Qh4 Bg7 17.f5 e5 18.Nb3 a5 19.Nd2 Bb5 20.Bxb5+ Qxb5 21.b3 O-O 22.Nc4 Rxc4
23.bxc4 Qxc4 24.Rhe1 Rc8 25.Qf2 a4 26.Qe2 Qc7 27.Rd3 b3 28.cxb3 axb3 29.Rxb3 Bh6
30.Qd3 Qa5 31.Rd1 Qc5 32.Ka1 Bf4 33.g3 Bh6 34.h4 Qf2 35.Rb2 Qa7 36.Rb3 Qf2
37.Qxd6 Be3 38.Qd3 Bd4+ 39.Kb1 Qg2  1-0

[Event "11th Festival Open A"]
[Site "Senta SRB"]
[Date "2007.07.22"]
[Round "3"]
[White "Bojanic,B"]
[Black "Ostojic,N1"]
[Result "0-1"]
[WhiteElo "2187"]
[BlackElo "2404"]

1.e4 c5 2.Nf3 d6 3.d4 cxd4 4.Nxd4 Nf6 5.Nc3 Nc6 6.Bg5 Qb6 7.Nb3 e6 8.Qd2 Be7
9.O-O-O O-O 10.Kb1 Rd8 11.f4 h6 12.Bxf6 Bxf6 13.g4 Qb4 14.Nb5 Qxd2 15.Rxd2 Be7
16.Be2 a6 17.Nc3 g5 18.f5 b5 19.a3 Bf6 20.h3 Rb8 21.Nd1 Bb7 22.Bd3 Ne5 23.Rf2 Rf8
24.Rhf1 exf5 25.Rxf5 Bg7 26.Ne3 Bc8 27.R5f2 Be6 28.Nd5 Bxd5 29.exd5 Nc4 30.c3 Ne3
31.Rh1 Nxd5 32.h4 Nf4 33.Bc2 Rfe8 34.Na5 Re3 35.hxg5 hxg5 36.Bh7+ Kf8 37.Rfh2 Rbe8
38.Bf5 Re1+ 39.Kc2 R8e2+ 40.Rxe2 Rxe2+ 41.Kb3 Ne6 42.Bxe6 fxe6 43.Rf1+ Ke8
44.Nb7 Be5 45.Rd1 Ke7 46.Rh1 Rh2 47.Rxh2 Bxh2 48.c4 Kd7 49.a4 Kc7 50.Na5 Kb6
51.Kb4 Bg3 52.Nb3 Be1+ 53.Ka3 bxc4 54.Nd4 e5 55.Nf3 Bh4 56.Kb4 e4 57.Nxh4 gxh4
58.g5 e3 59.Kc3 e2 60.Kd2 h3  0-1

[Event "ITT"]
[Site "Vicente Lopez ARG"]
[Date "2007.07.23"]
[Round "1"]
[White "Iermito,S"]
[Black "Lujan,C"]
[Result "1-0"]
[WhiteElo "2319"]
[BlackElo "2394"]

1.e4 c5 2.Nf3 Nc6 3.d4 cxd4 4.Nxd4 Nf6 5.Nc3 d6 6.Bg5 e6 7.Qd2 a6 8.O-O-O Bd7
9.f4 b5 10.Nxc6 Bxc6 11.Bd3 Qb6 12.Rhe1 b4 13.Bxf6 gxf6 14.Nd5 Bxd5 15.exd5 e5
16.Re4 a5 17.Qe2 Bh6 18.Kb1 Kf8 19.fxe5 fxe5 20.Qh5 Be3 21.Rf1 Ra7 22.Rc4 Bc5
23.Bf5 Ke8 24.Rg4 a4 25.Be6 Rf8 26.Bxf7+ Kd8 27.Qh4+ Re7 28.Rg8 Rxg8 29.Bxg8 Kd7
30.Be6+ Rxe6 31.dxe6+ Kxe6 32.Qxh7 Kd5 33.Qf7+ Kc6 34.Qe8+ Kd5 35.Qa8+ Kc4
36.b3+ Kc3 37.Qe4  1-0

[Event "XII Open"]
[Site "Balaguer ESP"]
[Date "2007.07.24"]
[Round "9"]
[White "Soumya,Sw"]
[Black "Matnadze,A"]
[Result "1/2-1/2"]
[WhiteElo "2178"]
[BlackElo "2409"]

1.e4 c5 2.Nf3 d6 3.d4 cxd4 4.Nxd4 Nf6 5.Nc3 Nc6 6.Bg5 Bd7 7.Qd2 Rc8 8.f4 h6
9.Bxf6 gxf6 10.Nf5 h5 11.Bd3 a6 12.a3 b5 13.O-O h4 14.Kh1 h3 15.gxh3 e6 16.Ng3 Qb6
17.e5 f5 18.Nxf5 exf5 19.Nd5 Qb7 20.Qg2 Rh6 21.Nf6+ Rxf6 22.exf6 Be6 23.a4 Qb6
24.Rfe1 Kd8 25.axb5 axb5 26.Rxe6 fxe6 27.Qg8 Kc7 28.Qf7+ Kb8 29.Qxe6  1/2-1/2